Kỹ thuật phản ứng
Những khái niệm cơ bản của phương trình tỷ lượng, nhiệt động hoá phản ứng, động học phản ứng cho hệ đồng thể, dị thể và sinh hoá, mô hình các loại thiết bị phản ứng, động lực học và tính ổn định của thiết bị phản ứng. ứng dụng kỹ...
保存先:
| 第一著者: | |
|---|---|
| フォーマット: | 図書 |
| 言語: | Undetermined |
| 出版事項: |
Hà Nội
Khoa học và Kỹ thuật
2002
|
| 主題: | |
| タグ: |
タグ追加
タグなし, このレコードへの初めてのタグを付けませんか!
|
| Thư viện lưu trữ: | Trung tâm Học liệu Trường Đại học Cần Thơ |
|---|
| LEADER | 00965nam a2200205Ia 4500 | ||
|---|---|---|---|
| 001 | CTU_35444 | ||
| 008 | 210402s9999 xx 000 0 und d | ||
| 020 | |c 31000 | ||
| 082 | |a 660.04 | ||
| 082 | |b B311 | ||
| 100 | |a Nguyen, Bin | ||
| 245 | 0 | |a Kỹ thuật phản ứng | |
| 245 | 0 | |c Nguyen Bin | |
| 260 | |a Hà Nội | ||
| 260 | |b Khoa học và Kỹ thuật | ||
| 260 | |c 2002 | ||
| 520 | |a Những khái niệm cơ bản của phương trình tỷ lượng, nhiệt động hoá phản ứng, động học phản ứng cho hệ đồng thể, dị thể và sinh hoá, mô hình các loại thiết bị phản ứng, động lực học và tính ổn định của thiết bị phản ứng. ứng dụng kỹ thuật phản ứng trong công nghệ môi trường | ||
| 650 | |a Chemical engineering | ||
| 904 | |i Minh | ||
| 980 | |a Trung tâm Học liệu Trường Đại học Cần Thơ | ||